| 000 | 00874naa a2200229 4500 | ||
|---|---|---|---|
| 001 | 44767 | ||
| 003 | ES-MaCES | ||
| 005 | 20140617134011.0 | ||
| 008 | 000000s2014 sp ||||| t||||||| ||spa d | ||
| 040 |
_aES-MaCES _bspa _cES-MaCES |
||
| 100 | 1 |
_918942 _aMontoya Melgar, Alfredo |
|
| 245 | 1 | 3 |
_aEl declive de la eficacia normativa del convenio colectivo _cAlfredo Montoya Melgar |
| 500 | _aResumen | ||
| 650 | 4 |
_928361 _aconvenio colectivo |
|
| 650 | 4 |
_928215 _anorma del trabajo |
|
| 650 | 4 |
_929892 _areforma legislativa |
|
| 650 | 4 |
_927166 _alegislación del trabajo |
|
| 653 | 1 | 0 | _aRelaciones laborales-Empleo |
| 773 | 0 |
_981357 _dMadrid (Ignacio Ellacuría, 3, 28017) Civitas _o084264 _tRevista española de Derecho del trabajo _w(ES-MaCES)25060 _gn. 161 (feb. 2014) {10040 R. 084264} ;p. 15-39 |
|
| 902 | _aART Artículo de revista | ||
| 942 |
_2CES _cAR _h2.0. |
||
| 999 |
_c44767 _d44767 |
||